|
|
|
|
| LEADER |
02378njm a2200505 a 4500 |
| 001 |
000247162 |
| 003 |
CZ BrMZK |
| 005 |
20040115121351.0 |
| 008 |
010907s1997 xr f cze d |
| 028 |
0 |
1 |
|a 0100-2
|b B&M Music
|
| 040 |
|
|
|a BOA001
|b cze
|
| 080 |
|
|
|a 885.0-93-343.4(086.7)
|2 MRF
|
| 245 |
0 |
0 |
|a Lotrando a Zubejda
|h [zvukový záznam] /
|c hudba Jaroslav Uhlíř ; texty Zdeněk Svěrák. : laskavá komedie s písničkami pro celou rodinu
|
| 260 |
|
|
|a Praha :
|b B&M Music,
|c p1997
|
| 300 |
|
|
|a 1 CD ;
|c 12 cm +
|e 1 složený list.
|
| 306 |
|
|
|a 010744
|
| 500 |
|
|
|a Durata 67:44
|
| 500 |
|
|
|a Zvuková stopa stejnojmenného filmu režiséra Karla Smyczka, scénář Zdeněk Svěrák
|
| 500 |
|
|
|a Nahr. neuv
|
| 511 |
0 |
|
|a Účinkují: Jiří Strach, Barbora Seidlová, Pavel Zedníček ... [et al.]. Dětský pěvecký sbor Sedmihlásek.
|
| 700 |
1 |
|
|a Smyczek, Karel,
|d 1950-
|7 jk01120201
|4 drt
|
| 700 |
1 |
|
|a Strach, Jiří,
|d 1973-
|7 ola2002139652
|4 prf
|
| 700 |
1 |
|
|a Sypal, Jaroslav,
|d 1958-
|7 xx0029842
|4 prf
|
| 700 |
1 |
|
|a Táborský, Miroslav,
|d 1959-
|7 ola2002142468
|4 prf
|
| 700 |
1 |
|
|a Zedníček, Pavel,
|d 1949-
|7 jn19990210838
|4 prf
|
| 700 |
1 |
|
|a Svěrák, Zdeněk,
|d 1936-
|7 jk01121890
|4 lyr
|4 prf
|4 prf
|4 nrt
|
| 700 |
1 |
|
|a Uhlíř, Jaroslav,
|d 1945-
|7 jn19990209944
|4 cmp
|4 prf
|
| 700 |
1 |
|
|a Bubeník, Antonín,
|d 1940-1997
|7 jn19990216030
|4 prf
|
| 700 |
1 |
|
|a Gerendáš, Ladislav,
|d 1946-
|7 mzk2006343251
|4 prf
|
| 700 |
1 |
|
|a Goldflam, Arnošt,
|d 1946-
|7 jn19990216051
|4 prf
|
| 700 |
1 |
|
|a Javorský, Vladimír,
|d 1962-
|7 jo20000069704
|
| 700 |
1 |
|
|a Karlík, Josef,
|d 1928-2009
|7 jn20000710155
|4 prf
|
| 700 |
1 |
|
|a Konvalinková, Naďa,
|d 1951-
|7 jn19990209384
|4 prf
|
| 700 |
1 |
|
|a Krbová, Ljuba,
|d 1958-
|7 ola2002139905
|4 prf
|
| 700 |
1 |
|
|a Kretschmerová, Jaroslava,
|d 1955-
|7 jn20000401488
|4 prf
|
| 700 |
1 |
|
|a Labuda, Marián,
|d 1944-2018
|7 jn19990209462
|4 prf
|
| 700 |
1 |
|
|a Lábus, Jiří,
|d 1950-
|7 jn19990209472
|4 prf
|
| 700 |
1 |
|
|a Navrátil, Oldřich,
|d 1952-
|7 ola2002140072
|4 prf
|
| 700 |
1 |
|
|a Pecha, Jiří,
|d 1944-2019
|7 jn99240000857
|4 prf
|
| 700 |
1 |
|
|a Penc, Bořivoj,
|d 1936-2018
|7 xx0027272
|4 prf
|
| 700 |
1 |
|
|a Seidlová, Barbora,
|d 1981-
|7 xx0014573
|4 prf
|
| 710 |
2 |
|
|a Sedmihlásek (pěvecký sbor)
|7 kn20010710298
|4 prf
|
| 910 |
|
|
|a BOA001
|b CD-0005.150
|
| 990 |
|
|
|a AV
|
| 996 |
6 |
|
|b 261H005325
|c CD-0005.150
|l MZK
|r Sklad / do 24 hodin
|n 0
|p p.v.
|w 000247162
|u 000010
|a 1
|e BOA001
|j MZK50
|s P
|